Kwame Nkrumah's Politico-Cultural thought and policies: an African-Centered paradigm second phase of the Africa Revolution (Record no. 386)
[ view plain ]
| 000 -LEADER | |
|---|---|
| fixed length control field | 00591nam a2200169Ia 4500 |
| 008 - FIXED-LENGTH DATA ELEMENTS--GENERAL INFORMATION | |
| fixed length control field | 240428s9999||||xx |||||||||||||| ||und|| |
| 020 ## - INTERNATIONAL STANDARD BOOK NUMBER | |
| International Standard Book Number | 9780415649537 |
| 041 ## - LANGUAGE CODE | |
| Language code of text/sound track or separate title | eng |
| 082 ## - DEWEY DECIMAL CLASSIFICATION NUMBER | |
| Classification number | 966.705 |
| 100 ## - MAIN ENTRY--PERSONAL NAME | |
| Personal name | Botwe-Asamoah, Kwame - Asante, Molefi |
| 245 #0 - TITLE STATEMENT | |
| Title | Kwame Nkrumah's Politico-Cultural thought and policies: an African-Centered paradigm second phase of the Africa Revolution |
| 260 ## - PUBLICATION, DISTRIBUTION, ETC. | |
| Name of publisher, distributor, etc. | A Routlege Series |
| Place of publication, distribution, etc. | New York : |
| Date of publication, distribution, etc. | 2005 |
| 300 ## - PHYSICAL DESCRIPTION | |
| Extent | xvii, 242p.; |
| 650 ## - SUBJECT ADDED ENTRY--TOPICAL TERM | |
| Topical term or geographic name entry element | Nkrumah, Kwame-Political and Social Views - Ghana-Cultural Policy - Pan- Africanism |
| 942 ## - ADDED ENTRY ELEMENTS (KOHA) | |
| Koha item type | Books |
| Withdrawn status | Lost status | Damaged status | Not for loan | Home library | Current library | Shelving location | Date acquired | Total checkouts | Full call number | Date last seen | Copy number | Price effective from | Koha item type |
|---|---|---|---|---|---|---|---|---|---|---|---|---|---|
| Main Library | Main Library | Open Shelves | 18/10/2021 | 966.705B 1082 C1 - 966.705B 1083 C2 - 966.705B 2090 C3 - 966.705B 2091 C4 | 29/04/2024 | 1 | 29/04/2024 | Books |